[Event "Barcelona GM 2014"]
[Site "Barcelona ESP"]
[Date "2014.11.28"]
[Round "1.1"]
[White "Narciso Dublan, Marc"]
[Black "Illescas Cordoba, Miguel"]
[Result "0-1"]
[WhiteTitle "GM"]
[BlackTitle "GM"]
[WhiteElo "2515"]
[BlackElo "2602"]
[WhiteFideId "2201500"]
[BlackFideId "2200015"]
[EventDate "2014.11.28"]

1. e4 e5 2. Nc3 Nf6 3. g3 d5 4. exd5 Nxd5 5. Bg2 Nxc3 6. bxc3 Nc6 7. Nf3 Bc5 8.
O-O O-O 9. d3 Bg4 10. h3 Bh5 11. g4 Bg6 12. Ng5 Be7 13. Ne4 f5 14. gxf5 Bxf5 15.
Kh2 Qd7 16. Be3 Rae8 17. Rg1 Kh8 18. a4 b6 19. Ng3 Be6 20. Be4 g6 21. Qf1 Bd6
22. Qg2 Nd8 23. Nf1 Qe7 24. Nd2 a5 25. Nf3 Bd7 26. Ng5 Rf6 27. Kh1 Ref8 28. Bd5
Rf5 29. Be4 h6 30. Bxf5 gxf5 31. Ne4 fxe4 32. Bxh6 Ne6 33. Bxf8 Qxf8 34. Qxe4
Nf4 35. Rg3 Be6 36. c4 Qh6 37. Kg1 Qh5 38. Re1 Nxh3+ 39. Kf1 Nf4 40. Qa8+ Kh7
41. Qe4+ Bf5 42. Qa8 Bg6 43. Qf3 Qxf3 44. Rxf3 Kg7 45. c5 bxc5 46. Rfe3 Kf6 47.
Rb1 Be8 48. Re4 Bc6 49. Rb5 Bxb5 50. axb5 Nd5 51. Ra4 Nb4 52. Rxa5 Ke6 53. Ra7
Nxc2 54. b6 cxb6 55. Rb7 Nb4 56. Rxb6 Nxd3 57. f3 Kd5 58. Ke2 c4 59. Rb7 Bc5 60.
Rd7+ Kc6 61. Rd8 Nf4+ 62. Kd2 Bd4 63. Rc8+ Kd5 64. Rd8+ Ke6 65. Kc2 Nd5 66. Rb8
Kf5 67. Rf8+ Kg5 0-1

[Event "Barcelona GM 2014"]
[Site "Barcelona ESP"]
[Date "2014.11.28"]
[Round "1.2"]
[White "Grigoryan, Karen H."]
[Black "Alonso Rosell, Alvar"]
[Result "1-0"]
[WhiteTitle "GM"]
[BlackTitle "GM"]
[WhiteElo "2586"]
[BlackElo "2529"]
[WhiteFideId "13301004"]
[BlackFideId "2270544"]
[EventDate "2014.11.28"]

1. c4 c5 2. Nf3 Nc6 3. Nc3 Nf6 4. d4 cxd4 5. Nxd4 e6 6. Ndb5 d5 7. Bf4 e5 8.
cxd5 exf4 9. dxc6 bxc6 10. Qxd8+ Kxd8 11. Rd1+ Bd7 12. Nd6 Bxd6 13. Rxd6 Rb8 14.
Rd2 Kc7 15. g3 Rhe8 16. Bg2 Rb4 17. O-O fxg3 18. hxg3 h5 19. e4 Be6 20. b3 Rd8
21. Rc2 Kb8 22. Ne2 Bc8 23. Rfc1 Ba6 24. f3 Bb5 25. Bf1 g5 26. a4 Bxe2 27. Bxe2
g4 28. Rxc6 Rb6 29. Rxb6+ axb6 30. Rc6 Nd7 31. Rh6 gxf3 32. Bxf3 Ne5 33. Bxh5
Kc7 34. Rh7 Rd3 35. Kg2 Rxb3 36. Bxf7 Rb4 37. Bd5+ Kd6 38. Ra7 Ng4 39. Kf3 Nf6
40. a5 Nxd5 41. exd5 bxa5 42. Rxa5 Ke5 43. Ra8 Rb3+ 44. Kg4 Kxd5 45. Re8 Kd6 46.
Kh4 Kd7 47. Re4 Rb8 48. g4 Rh8+ 49. Kg5 Kd6 50. Kf6 Rf8+ 51. Kg7 Kd5 52. Re1 Rf2
53. g5 Kd6 54. g6 Kd7 55. Kg8 Rg2 56. g7 Rg3 57. Rh1 1-0

[Event "Barcelona GM 2014"]
[Site "Barcelona ESP"]
[Date "2014.11.29"]
[Round "2.1"]
[White "Illescas Cordoba, Miguel"]
[Black "Balogh, Csaba"]
[Result "1/2-1/2"]
[WhiteTitle "GM"]
[BlackTitle "GM"]
[WhiteElo "2602"]
[BlackElo "2658"]
[WhiteFideId "2200015"]
[BlackFideId "718939"]
[EventDate "2014.11.28"]

1. d4 d5 2. c4 c6 3. Nf3 Nf6 4. e3 g6 5. Bd3 Bg7 6. O-O O-O 7. Nc3 Bg4 8. h3
Bxf3 9. Qxf3 e6 10. Bd2 Nbd7 11. cxd5 Nxd5 12. Rfd1 Qe7 13. Rac1 Rfd8 14. Nxd5
exd5 15. b4 a6 16. Rc2 Nb6 17. Re1 Qe6 18. Rec1 Re8 19. a3 h5 20. Qd1 Na4 21.
Rxc6 bxc6 22. Qxa4 Rec8 23. Rc5 Ra7 24. Ra5 Rca8 25. Rc5 Rc8 26. Ra5 Rca8 27.
Rc5 Rc8 28. Ra5 1/2-1/2

[Event "Barcelona GM 2014"]
[Site "Barcelona ESP"]
[Date "2014.11.29"]
[Round "2.2"]
[White "Alonso Rosell, Alvar"]
[Black "Li, Chao b"]
[Result "0-1"]
[WhiteTitle "GM"]
[BlackTitle "GM"]
[WhiteElo "2529"]
[BlackElo "2722"]
[WhiteFideId "2270544"]
[BlackFideId "8604436"]
[EventDate "2014.11.28"]

1. e4 c5 2. Nf3 Nc6 3. d4 cxd4 4. Nxd4 Nf6 5. Nc3 d6 6. Bg5 e6 7. Qd2 a6 8.
O-O-O Bd7 9. f4 h6 10. Bxf6 Qxf6 11. Nb3 Qd8 12. Kb1 b5 13. Bd3 b4 14. Ne2 Qb6
15. g4 a5 16. h4 a4 17. Nbc1 Qc5 18. g5 Be7 19. g6 f5 20. exf5 exf5 21. b3 Na5
22. Ng3 O-O 23. Nh5 Kh8 24. Rde1 Rfe8 25. Re3 a3 26. Ne2 Bf8 27. Rhh3 d5 28. Qc1
Nc4 29. Rxe8 Rxe8 30. Nhg3 Ne3 31. Ng1 Nd1 32. N3e2 Nc3+ 33. Nxc3 Qxc3 34. Nf3
Bc5 35. Bf1 Re3 0-1

[Event "Barcelona GM 2014"]
[Site "Barcelona ESP"]
[Date "2014.11.30"]
[Round "3.1"]
[White "Grigoryan, Karen H."]
[Black "Illescas Cordoba, Miguel"]
[Result "1/2-1/2"]
[WhiteTitle "GM"]
[BlackTitle "GM"]
[WhiteElo "2586"]
[BlackElo "2602"]
[WhiteFideId "13301004"]
[BlackFideId "2200015"]
[EventDate "2014.11.28"]

1. g3 d5 2. Nf3 g6 3. c4 c6 4. Qa4 d4 5. d3 Bg7 6. Bg2 Nh6 7. O-O O-O 8. b4 Bg4
9. Nbd2 Nd7 10. h3 Bxf3 11. Bxf3 Qc7 12. Ne4 Nf5 13. c5 a6 14. Qb3 Nf6 15. Bd2
Nxe4 16. dxe4 Nh6 17. Rad1 Rad8 18. Bg2 Kh8 19. e3 Ng8 20. f4 e5 21. exd4 Rxd4
22. Be3 Rxd1 23. Rxd1 Nf6 24. fxe5 Nd7 25. e6 fxe6 26. Rd6 e5 27. g4 Nf6 28. a4
Ne8 29. Rd2 Qe7 30. b5 axb5 31. axb5 Bf6 32. Rf2 Kg7 33. bxc6 bxc6 34. Qd1 h6
35. Qa4 Bg5 36. Bxg5 Qxg5 37. Qa7+ Kg8 38. Qa2+ Kg7 39. Qa7+ Kg8 40. Qa2+ Kg7
41. Qa7+ 1/2-1/2

[Event "Barcelona GM 2014"]
[Site "Barcelona ESP"]
[Date "2014.11.30"]
[Round "3.2"]
[White "Li, Chao b"]
[Black "Narciso Dublan, Marc"]
[Result "1-0"]
[WhiteTitle "GM"]
[BlackTitle "GM"]
[WhiteElo "2722"]
[BlackElo "2515"]
[WhiteFideId "8604436"]
[BlackFideId "2201500"]
[EventDate "2014.11.28"]

1. d4 Nf6 2. c4 e6 3. g3 Bb4+ 4. Bd2 c5 5. Bxb4 cxb4 6. Bg2 O-O 7. e3 Qc7 8. Nd2
d6 9. Ne2 e5 10. O-O Nc6 11. a3 exd4 12. Nxd4 Nxd4 13. exd4 bxa3 14. Rxa3 Bd7
15. Qa1 a6 16. b4 Rac8 17. Re3 Bc6 18. d5 Bd7 19. Rc1 Rfe8 20. c5 Rxe3 21. fxe3
Bb5 22. e4 Re8 23. Qd4 Ng4 24. Nf3 Bd7 25. h3 Ne5 26. Nxe5 Rxe5 27. Qc3 dxc5 28.
Qxc5 Qxc5+ 29. Rxc5 Bb5 30. Rc7 Kf8 31. Bf3 h5 32. Kf2 Re7 33. Rc8+ Re8 34.
Rxe8+ Kxe8 35. Bxh5 Ke7 36. Ke3 f6 37. Be2 Bd7 38. h4 Kd6 39. Kd4 Bc8 40. g4 Bd7
41. g5 1-0

[Event "Barcelona GM 2014"]
[Site "Barcelona ESP"]
[Date "2014.11.30"]
[Round "3.3"]
[White "Balogh, Csaba"]
[Black "Alonso Rosell, Alvar"]
[Result "1-0"]
[WhiteTitle "GM"]
[BlackTitle "GM"]
[WhiteElo "2658"]
[BlackElo "2529"]
[WhiteFideId "718939"]
[BlackFideId "2270544"]
[EventDate "2014.11.28"]

1. e4 d6 2. d4 Nf6 3. Nc3 e5 4. Nf3 Nbd7 5. Bc4 Be7 6. a4 O-O 7. O-O a5 8. Re1
c6 9. h3 Nb6 10. Bf1 exd4 11. Nxd4 d5 12. e5 Ne8 13. Nce2 g6 14. Bh6 Ng7 15. Nf3
Nd7 16. Ned4 Nc5 17. c3 Re8 18. Qd2 Nge6 19. Nxe6 Bxe6 20. Nd4 Qd7 21. Qf4 Bf8
22. Re3 Ne4 23. Bd3 Nc5 24. Bc2 Bxh6 25. Qxh6 Qe7 26. Rae1 Qf8 27. Qh4 Bd7 28.
f4 Qg7 29. f5 Ne4 30. e6 fxe6 31. fxe6 g5 32. Qg4 Nf6 33. Qg3 1-0

[Event "Barcelona GM 2014"]
[Site "Barcelona ESP"]
[Date "2014.12.01"]
[Round "4.1"]
[White "Illescas Cordoba, Miguel"]
[Black "Alonso Rosell, Alvar"]
[Result "1/2-1/2"]
[WhiteTitle "GM"]
[BlackTitle "GM"]
[WhiteElo "2602"]
[BlackElo "2529"]
[WhiteFideId "2200015"]
[BlackFideId "2270544"]
[EventDate "2014.11.28"]

1. d4 d5 2. c4 e6 3. Nf3 Nf6 4. Nc3 Bb4 5. e3 O-O 6. Bd3 b6 7. O-O Bb7 8. cxd5
exd5 9. Bd2 a6 10. Ne5 Bd6 11. f4 c5 12. Qf3 b5 13. dxc5 Bxc5 14. Rad1 Nc6 15.
Kh1 Re8 16. Ng4 Nxg4 17. Qxg4 Ne7 18. Ne2 Ng6 19. Nd4 Qf6 20. Qg3 Bc8 21. Nb3
Bb6 22. Bc3 Qd6 23. Bd4 Bxd4 24. Nxd4 Bd7 25. Qf2 b4 26. h3 Ne7 27. Be2 Nf5 28.
Nxf5 Bxf5 29. Bf3 Be4 30. Rd4 Rac8 31. Qd2 Bxf3 32. Rxf3 Qg6 33. f5 Qc6 34. Rxb4
Re5 35. f6 g6 36. Rd4 h6 37. b3 Kh7 38. Ra4 Qe6 39. Rb4 Qc6 40. Rd4 Qe6 41. Rd3
Qc6 42. Rf1 Qe6 43. Qb4 Rxe3 44. Rxe3 Qxe3 45. Qe7 Qxe7 46. fxe7 Kg7 47. Re1 Re8
48. Re5 Kf6 49. Rxd5 Rxe7 50. Ra5 Re6 51. Kg1 g5 52. Kf2 Kg6 53. g4 h5 54. b4 f6
55. Kf3 Rc6 56. Rc5 Re6 57. a4 hxg4+ 58. hxg4 Re1 59. Rc4 Kf7 60. a5 Kg6 61. Rd4
Kf7 62. Rd6 Rf1+ 63. Kg3 Rf4 64. Rxa6 Rxb4 65. Rb6 Ra4 66. a6 Ra5 67. Rb7+ Kg6
68. a7 Ra4 69. Kf3 f5 70. Rb6+ Kf7 71. gxf5 Rxa7 72. Kg4 Ra1 73. Rb7+ Kf6 74.
Rb6+ 1/2-1/2

[Event "Barcelona GM 2014"]
[Site "Barcelona ESP"]
[Date "2014.12.01"]
[Round "4.2"]
[White "Narciso Dublan, Marc"]
[Black "Balogh, Csaba"]
[Result "1/2-1/2"]
[WhiteTitle "GM"]
[BlackTitle "GM"]
[WhiteElo "2515"]
[BlackElo "2658"]
[WhiteFideId "2201500"]
[BlackFideId "718939"]
[EventDate "2014.11.28"]

1. e4 e5 2. Nf3 Nc6 3. d4 exd4 4. Nxd4 Nf6 5. Nxc6 bxc6 6. Qe2 a5 7. Bd2 Ba6 8.
Qf3 Bxf1 9. Rxf1 Qe7 10. Nc3 Rb8 11. b3 Qe6 12. O-O-O Ba3+ 13. Kb1 O-O 14. Rfe1
d6 15. Na4 Bb4 16. Bc3 Ng4 17. Qe2 Rfe8 18. f3 Ne5 19. f4 Nd7 20. Rd3 d5 21. e5
Nf6 22. Bxb4 Rxb4 23. Nc3 Nd7 24. Qf2 Qe7 25. Rg3 Qc5 26. Qf3 g6 27. Rd1 Rd4 28.
h4 Rxd1+ 29. Nxd1 Qd4 30. Nf2 a4 31. Qe3 Qxe3 32. Rxe3 axb3 33. cxb3 f6 34. Nd3
Kf7 35. a4 c5 36. Kc2 c6 37. Kd2 fxe5 38. Nxe5+ Nxe5 39. Rxe5 Ra8 40. Kc3 c4 41.
h5 cxb3 42. Kxb3 Rb8+ 43. Kc3 Ra8 44. Kb4 Rb8+ 45. Kc5 Ra8 46. Kb4 Rb8+ 47. Kc5
Ra8 48. Kb4 1/2-1/2

[Event "Barcelona GM 2014"]
[Site "Barcelona ESP"]
[Date "2014.12.01"]
[Round "4.3"]
[White "Grigoryan, Karen H."]
[Black "Li, Chao b"]
[Result "1/2-1/2"]
[WhiteTitle "GM"]
[BlackTitle "GM"]
[WhiteElo "2586"]
[BlackElo "2722"]
[WhiteFideId "13301004"]
[BlackFideId "8604436"]
[EventDate "2014.11.28"]

1. c4 c6 2. e4 d5 3. exd5 cxd5 4. d4 Nf6 5. Nc3 g6 6. Qb3 Bg7 7. cxd5 O-O 8. Bc4
Nbd7 9. Bg5 Nb6 10. Nge2 Bf5 11. Ng3 Nxc4 12. Qxc4 Rc8 13. Qe2 Nxd5 14. Nxf5
gxf5 15. O-O Nxc3 16. bxc3 Rxc3 17. Bxe7 Re8 18. Bxd8 Rxe2 19. Rad1 Kf8 20. Bg5
Rcc2 21. a4 Ke8 22. Rd3 Rc4 23. Re3+ Rxe3 24. fxe3 f6 25. Bf4 Kd7 26. Rb1 Kc6
27. d5+ Kxd5 28. Rxb7 Bf8 29. Rxa7 Bc5 30. Ra5 h5 31. h3 h4 32. Kh2 Rc3 33. Bh6
Ke6 34. Ra8 Kf7 35. Rh8 Ra3 36. Bf4 Rxa4 37. Rh5 Ke6 38. g4 hxg3+ 39. Kxg3 Bb4
40. Rh8 Be1+ 41. Kf3 Ra2 42. Bg3 Bxg3 43. Kxg3 Re2 44. Kf3 Rh2 45. Rh7 Rh1 46.
h4 Rf1+ 47. Kg2 Re1 48. Kf2 Rh1 49. Kg3 Re1 50. Kf3 Rf1+ 51. Kg2 Re1 52. Kf2 1/2-1/2

[Event "Barcelona GM 2014"]
[Site "Barcelona ESP"]
[Date "2014.12.02"]
[Round "5.1"]
[White "Li, Chao b"]
[Black "Illescas Cordoba, Miguel"]
[Result "1-0"]
[WhiteTitle "GM"]
[BlackTitle "GM"]
[WhiteElo "2722"]
[BlackElo "2602"]
[WhiteFideId "8604436"]
[BlackFideId "2200015"]
[EventDate "2014.11.28"]

1. d4 d5 2. c4 c6 3. Nf3 Nf6 4. Nc3 dxc4 5. a4 Bf5 6. Ne5 Na6 7. e3 Nb4 8. Bxc4
e6 9. O-O Bd6 10. Qe2 h6 11. e4 Bh7 12. Bf4 O-O 13. Bb3 a6 14. Bg3 Qe7 15. Bh4
g5 16. Bg3 c5 17. dxc5 Bxc5 18. Kh1 Rad8 19. f4 Bd4 20. fxg5 hxg5 21. Rad1 Bxe5
22. Bxe5 Rxd1 23. Qxd1 Rd8 24. Qc1 Nd7 25. Bd6 1-0

[Event "Barcelona GM 2014"]
[Site "Barcelona ESP"]
[Date "2014.12.02"]
[Round "5.2"]
[White "Balogh, Csaba"]
[Black "Grigoryan, Karen H."]
[Result "1/2-1/2"]
[WhiteTitle "GM"]
[BlackTitle "GM"]
[WhiteElo "2658"]
[BlackElo "2586"]
[WhiteFideId "718939"]
[BlackFideId "13301004"]
[EventDate "2014.11.28"]

1. e4 c5 2. Nf3 e6 3. d4 cxd4 4. Nxd4 Nc6 5. Nc3 Qc7 6. Be3 Nf6 7. f4 Bb4 8. Nb5
Qa5 9. e5 Ne4 10. Qd3 Nxc3 11. bxc3 Be7 12. Be2 O-O 13. O-O f6 14. Bf3 fxe5 15.
Be4 h6 16. Nd6 Qc7 17. Rad1 Bxd6 18. Qxd6 Qxd6 19. Rxd6 exf4 20. Bxf4 g5 21. Bg3
Rxf1+ 22. Kxf1 Kf7 23. c4 Ke7 24. c5 b6 25. Bxc6 dxc6 26. Rxc6 Ba6+ 27. Kf2 Rc8
28. Rxc8 Bxc8 29. cxb6 axb6 30. h4 gxh4 31. Bxh4+ Kf7 32. Bd8 b5 33. g3 Bb7 34.
a3 Bd5 35. Ke3 Bc4 36. Bc7 Bf1 37. Be5 Bc4 38. Bc7 Bf1 39. Be5 Bc4 40. Bc7 Bf1 1/2-1/2

[Event "Barcelona GM 2014"]
[Site "Barcelona ESP"]
[Date "2014.12.02"]
[Round "5.3"]
[White "Alonso Rosell, Alvar"]
[Black "Narciso Dublan, Marc"]
[Result "1/2-1/2"]
[WhiteTitle "GM"]
[BlackTitle "GM"]
[WhiteElo "2529"]
[BlackElo "2515"]
[WhiteFideId "2270544"]
[BlackFideId "2201500"]
[EventDate "2014.11.28"]

1. Nf3 Nf6 2. g3 d5 3. Bg2 g6 4. c4 e6 5. d4 Bg7 6. O-O O-O 7. Nc3 Na6 8. cxd5
exd5 9. Ne5 c6 10. Bg5 Nc7 11. e3 Ne6 12. Bxf6 Bxf6 13. Nd3 a5 14. a3 b5 15. Rc1
Bb7 16. Ne2 Qd6 17. Qd2 Rfc8 18. Nef4 Nxf4 19. gxf4 Rc7 20. Rc5 Be7 21. Rfc1 Qd8
22. R5c2 Bd6 23. Ne5 Qc8 24. Nd3 Qd8 25. Nc5 Bxc5 26. Rxc5 Rd7 27. Qe2 Rd6 28.
Qg4 a4 29. Bf1 Qf6 30. Bd3 Bc8 31. Qg5 Qxg5+ 32. fxg5 Bd7 33. Be2 Kg7 34. Kg2
Rh8 35. Kg3 h6 36. Bg4 Be8 37. Bc8 hxg5 38. Bb7 Rd8 39. Bxc6 Bxc6 40. Rxc6 g4
41. R6c5 Rh3+ 42. Kg2 Rdh8 43. Rh1 Rb8 44. Rhc1 1/2-1/2